00310nam a22001097a 4500008004100000020001500041082001800056245006400074260004700138300000800185440000700193230623b xxu||||| |||| 00| 0 eng d a1897621140 a330bOSO 1993 aRevenue Productivity Implications of Tax Reform in Tanzania bAfrican Economic Research Consortiumc1993 a34p n20